Further Consideration of a New Liquidity Instrument for Market Access Countries : Design Issues.

This paper focuses on a specific set of issues -- qualification criteria, monitoring structure, access levels and terms, links to other Fund facilities, and links to the private sector. This paper is a complement and follow-up to an earlier paper, which itself considered the broader issues involved...

Descripció completa

Dades bibliogràfiques
Autor corporatiu: International Monetary Fund
Format: Revista
Idioma:English
Publicat: Washington, D.C. : International Monetary Fund, 2007.
Col·lecció:Policy Papers; Policy Paper ; No. 2007/004
Accés en línia:Full text available on IMF
LEADER 01526cas a2200241 a 4500
001 AALejournalIMF020001
008 230101c9999 xx r poo 0 0eng d
020 |c 5.00 USD 
020 |z 9781498333788 
022 |a 2663-3493 
040 |a BD-DhAAL  |c BD-DhAAL 
110 2 |a International Monetary Fund. 
245 1 0 |a Further Consideration of a New Liquidity Instrument for Market Access Countries :   |b Design Issues. 
264 1 |a Washington, D.C. :  |b International Monetary Fund,  |c 2007. 
300 |a 1 online resource (25 pages) 
490 1 |a Policy Papers 
500 |a <strong>Off-Campus Access:</strong> No User ID or Password Required 
500 |a <strong>On-Campus Access:</strong> No User ID or Password Required 
506 |a Electronic access restricted to authorized BRAC University faculty, staff and students 
520 3 |a This paper focuses on a specific set of issues -- qualification criteria, monitoring structure, access levels and terms, links to other Fund facilities, and links to the private sector. This paper is a complement and follow-up to an earlier paper, which itself considered the broader issues involved in creating a new instrument. The paper does not put forward a concrete proposal to Directors, but seeks to achieve a further convergence of views on these key issues. 
538 |a Mode of access: Internet 
830 0 |a Policy Papers; Policy Paper ;  |v No. 2007/004 
856 4 0 |z Full text available on IMF  |u http://elibrary.imf.org/view/journals/007/2007/004/007.2007.issue-004-en.xml  |z IMF e-Library